| 000 | 00763cam a2200253 a 4500 | ||
|---|---|---|---|
| 008 | |||
| 020 | _a0240515714 (pbk. ) | ||
| 049 | _aMAIN | ||
| 090 | _aPN4784 BOY | ||
| 100 | 1 | _aBoyd, Andrew | |
| 245 | 1 | 0 |
_aBroadcast journalism : _btechniques of radio and television news / _cAndrew Boyd. |
| 250 | _a5th ed. | ||
| 260 |
_aAmsterdam : _bElsevier, _c2001. |
||
| 300 |
_axxiv, 442 p. : _bill., map ; _c25 cm. |
||
| 504 | _aIncludes bibliographical references. | ||
| 500 | _aIncludes index. | ||
| 650 | 0 | _aBroadcast journalism. | |
| 650 | 0 |
_aBroadcast journalism _zGreat Britain. |
|
| 907 |
_a.b10218609 _b26-04-07 _c02-11-06 |
||
| 003 | |||
| 005 | 20230123134301.0 | ||
| 040 | _cNUST | ||
| 942 |
_cBOOKS _kPN4784 BOY |
||
| 999 |
_c163221 _d163221 |
||